00661nam a22001817a 450000500170000001000150001702000260003203500140005803700090007208200130008110000280009424501110012225000060023326000660023927001110030530000200041670000430043620251205105621.0 aENG-147206 c600.00a9789391706241 aEN-130738 bDBAD a181.421 aBhattacharyya, Kalidas  aNew Perspectives in Indian Philosophy/cKalidas Bhattacharyya [and] Edited By Nirmalya Narayan Chakraborty a1 aKolkatabThe Ramakrishna Mission Institute Of Culture c2023 bKolkataaThe Ramakrishna Mission Institute Of Culture Gol Park, Kolkata Indiae700029mrmicsale@gmail.com a445p.c22cm(hb) aChakraborty, Nirmalya Narayan eEditor